[Event "Airthings Masters Play-In"]
[Site "chess.com INT"]
[Date "2023.02.03"]
[Round "1"]
[White "Tomashevsky,E"]
[Black "Nakamura,Hi"]
[Result "0-1"]
[WhiteElo "2694"]
[BlackElo "2768"]

1.d4 e6 2.Nf3 Nf6 3.c4 Bb4+ 4.Bd2 c5 5.e3 b6 6.Bd3 Bb7 7.Bxb4 cxb4 8.a3 Nc6
9.O-O bxa3 10.Nxa3 Nb4 11.Be2 a5 12.Nc2 Na6 13.Ne5 d6 14.Nd3 O-O 15.Bf3 Bxf3
16.Qxf3 Rc8 17.Na3 Nb4 18.Qe2 d5 19.Rfc1 Qe7 20.g3 Ne4 21.cxd5 exd5 22.Nxb4 Qxb4
23.Rc2 Rxc2 24.Qxc2 h5 25.h4 Nd6 26.Qe2 Rc8 27.Rb1 g6 28.Kg2 Qb3 29.Rd1 b5
30.Rd3 Qa4 31.Nb1 Qc2 32.Qxc2 Rxc2 33.Nc3 Rxb2 34.Nxd5 a4 35.Kf3 b4 36.e4 a3
37.e5 Nb5 38.Nf6+ Kg7  0-1

[Event "Airthings Masters Play-In"]
[Site "chess.com INT"]
[Date "2023.02.03"]
[Round "2"]
[White "Nakamura,Hi"]
[Black "Xu,Xiangyu"]
[Result "0-1"]
[WhiteElo "2768"]
[BlackElo "2578"]

1.d4 Nf6 2.Bg5 d5 3.e3 c5 4.Nd2 Nc6 5.c3 e6 6.Bd3 Be7 7.Ngf3 O-O 8.O-O b6
9.Re1 Bb7 10.dxc5 bxc5 11.e4 h6 12.Bh4 dxe4 13.Nxe4 Nxe4 14.Rxe4 Bxh4 15.Nxh4 f5
16.Ra4 Ne5 17.Bf1 Qf6 18.f4 Qxh4 19.fxe5 Qg5 20.Qe1 f4 21.Qf2 Rad8 22.Rxa7 Rf7
23.h4 Qxe5 24.Re1 Qb8 25.Rxb7 Rxb7 26.b3 Rbd7 27.Rxe6 Rd2 28.Re2 Rxe2 29.Bxe2 Qe5
30.a4 g5 31.hxg5 hxg5 32.Qf3 Kg7 33.a5 Rd2 34.Kf2 Ra2 35.a6 Qe6 36.Kf1 Ra1+
37.Kf2 Ra2 38.Kf1 c4 39.bxc4 Ra1+ 40.Kf2 Qb6+  0-1

[Event "Airthings Masters Play-In"]
[Site "chess.com INT"]
[Date "2023.02.03"]
[Round "3"]
[White "Jumabayev,R"]
[Black "Nakamura,Hi"]
[Result "0-1"]
[WhiteElo "2609"]
[BlackElo "2768"]

1.Nf3 d5 2.g3 c5 3.Bg2 Nf6 4.O-O g6 5.c4 d4 6.b4 Bg7 7.Bb2 O-O 8.d3 Nc6 9.b5 Na5
10.e3 dxe3 11.fxe3 Bf5 12.e4 Bg4 13.e5 Nd7 14.Qe2 Qc7 15.Nbd2 a6 16.a4 Rad8
17.Rfe1 e6 18.Bc3 b6 19.Qe3 Bxf3 20.Bxf3 axb5 21.axb5 Rfe8 22.Rab1 f5 23.Bg2 h6
24.h4 Re7 25.Nf3 Nb7 26.Ra1 Na5 27.Ra3 Nf8 28.Rb1 Nd7 29.Re1 Ree8 30.Qe2 Ra8
31.Kh2 Ra7 32.Rea1 Rd8 33.R1a2 Kh7 34.Ra4 Qb8 35.R2a3 Rf8 36.Kh1 Qc7 37.Kg1 Rfa8
38.Kh1 Nc6 39.Rxa7 Rxa7 40.Rxa7 Nxa7 41.Bh3 Nc8 42.g4 Ne7 43.h5 Nf8 44.Nh4 f4
45.Qe4 Qa7 46.Qxf4 Qa3 47.Qd2 g5 48.Nf3 Nd7 49.Bg2 Qb3 50.Kh2 Qb1 51.Kh3 Kh8
52.d4 cxd4 53.Bxd4 Qb3 54.Qc3 Qa2 55.Qe3 Qxc4 56.Qe4 Nd5 57.Kh2 Qxb5 58.Qg6 Nf8
59.Qf7 Nf4 60.Bh1 Qe2+ 61.Kg3 Qf1 62.Kh2 Qh3+ 63.Kg1 Qxg4+ 64.Kf2 b5 65.Qe7 b4
66.Qe8 Qxh5 67.Qxh5 Nxh5 68.Ke3 Nf4 69.Nd2 Nd7 70.Nc4 b3 71.Bc6 Nd5+ 72.Ke4 N7b6
73.Nb2 g4 74.Bb5 h5 75.Be2 Kh7 76.Bd1 Kg6 77.Bxb3 h4 78.Bd1 Kg5 79.Nd3 Nd7
80.Bb2 h3 81.Bc1+ Kh4 82.Nf2 Nc3+  0-1

[Event "Airthings Masters Play-In"]
[Site "chess.com INT"]
[Date "2023.02.03"]
[Round "4"]
[White "Nakamura,Hi"]
[Black "Suleymanli,Aydin"]
[Result "1-0"]
[WhiteElo "2768"]
[BlackElo "2552"]

1.d4 Nf6 2.Bg5 d5 3.e3 c5 4.Nd2 Nc6 5.c3 Qb6 6.Qb3 c4 7.Qc2 g6 8.Bxf6 exf6
9.e4 Na5 10.Be2 Bh6 11.Bf3 O-O 12.Ne2 Re8 13.Rd1 Bxd2+ 14.Rxd2 dxe4 15.Bxe4 f5
16.Bf3 f4 17.O-O Bf5 18.Qa4 g5 19.b4 Nc6 20.Nc1 a6 21.Qd1 a5 22.b5 Qxb5 23.a4 Qb6
24.Bd5 Ne7 25.Bxc4 Rec8 26.Qe2 Ng6 27.Bd3 Qf6 28.Rc2 Re8 29.Qd1 Re7 30.Bxf5 Qxf5
31.Rb2 Rae8 32.Rb5 Qf6 33.Nd3 Rc7 34.Re1 Rxe1+ 35.Qxe1 b6 36.Ne5 Nxe5 37.Rxe5 h6
38.h3 Kg7 39.Rb5 Qc6 40.Rb3 f6 41.h4 f3 42.h5 fxg2 43.Qb1 f5 44.Qxf5 Re7
45.Rb1 Rf7 46.Qe5+ Kh7 47.d5 Qc5 48.Rb2 Qc4 49.Re2 Qh4 50.Qe4+ Qxe4 51.Rxe4 Rf3
52.d6 Kg7 53.d7  1-0

[Event "Airthings Masters Play-In"]
[Site "chess.com INT"]
[Date "2023.02.03"]
[Round "5"]
[White "Theodorou,Nikolas"]
[Black "Nakamura,Hi"]
[Result "1/2-1/2"]
[WhiteElo "2584"]
[BlackElo "2768"]

1.d4 Nf6 2.c4 e6 3.Nf3 Bb4+ 4.Bd2 c5 5.Bxb4 cxb4 6.e3 b6 7.Nbd2 a5 8.Bd3 d6
9.O-O Bb7 10.Qb1 Qe7 11.a3 Na6 12.Ne4 Nxe4 13.Bxe4 Bxe4 14.Qxe4 O-O 15.Rfc1 Rac8
16.h4 h6 17.h5 Rfe8 18.Rc2 b3 19.Rc3 a4 20.Rac1 Rc7 21.Qd3 Nb8 22.c5 bxc5
23.dxc5 dxc5 24.Rc4 Rd8 25.Qc3 Rdc8 26.Rg4 f6 27.Qc4 Qf7 28.Qxa4 Qxh5 29.Rgc4 Rb7
30.Nd4 Nd7 31.Qa6 Rcb8 32.Nxe6 Rb6 33.Qa7 Rd6 34.Nf4 Rd1+ 35.Rxd1 Qxd1+ 36.Kh2 Qd6
37.Kg1 Qd1+ 38.Kh2 Qd6 39.Kg1 Qc6 40.Qa5 Rc8 41.Nd3 Kh8 42.Qc3 Qd6 43.Qxb3 Nb6
44.Rc1 c4 45.Qb4 Qxd3 46.Qxb6 Qd2 47.Rc3 Qd1+ 48.Kh2 Qh5+ 49.Kg1 Rc5 50.Rc1 Rd5
51.Qe6 Rd1+ 52.Rxd1 Qxd1+ 53.Kh2 Qh5+ 54.Kg1 Qd1+ 55.Kh2 Qh5+ 56.Kg1 Qd1+  1/2-1/2

[Event "Airthings Masters Play-In"]
[Site "chess.com INT"]
[Date "2023.02.03"]
[Round "6"]
[White "Nakamura,Hi"]
[Black "Durarbayli,V"]
[Result "1/2-1/2"]
[WhiteElo "2768"]
[BlackElo "2635"]

1.d4 d5 2.Bg5 h6 3.Bh4 Bf5 4.c4 c6 5.Qb3 Qb6 6.c5 Qxb3 7.axb3 e5 8.e3 exd4
9.exd4 g5 10.Bg3 Bg7 11.Nf3 Be4 12.Nbd2 Nd7 13.Ra4 Ne7 14.h4 Bxf3 15.Nxf3 g4
16.Ne5 Nf5 17.Nxd7 Kxd7 18.Bd3 Rhe8+ 19.Kd1 Nxg3 20.fxg3 Re3 21.Bf5+ Kc7
22.Bxg4 Rae8 23.Rf1 R8e7 24.Kc2 R3e4 25.Bh5 Rxd4 26.Rxa7 Rb4 27.Ra4 Rxa4
28.bxa4 Be5 29.Rf3 f6 30.b4 Rg7 31.g4 Rg8 32.Rf5 Rg7 33.Kb3 Rg8 34.b5 b6
35.cxb6+ Kxb6 36.bxc6 Kxc6 37.Kc2 Kc5 38.Kd3 Rg7 39.Rf1 Kb4 40.Rb1+ Kxa4
41.Ke3 Ka5 42.Kf3 Rc7 43.Rd1 Rc3+ 44.Ke2 d4 45.Bg6 Rg3 46.Bf5 Rxg2+ 47.Kd3 Rh2
48.Kc4 Kb6 49.Rb1+ Kc7 50.h5 Ra2 51.Kd5 Ra6 52.Bd3 Rd6+ 53.Ke4 Rb6 54.Ra1 Kd6
55.Ra8 Rb2 56.Kf5 Rf2+ 57.Kg6 Rf3 58.Bf5 Bf4 59.Rd8+ Kc5 60.Rc8+ Kb4 61.Rd8 Kc3
62.Rc8+ Kb4 63.Rd8 Kc3 64.Rc8+ Kb4  1/2-1/2

[Event "Airthings Masters Play-In"]
[Site "chess.com INT"]
[Date "2023.02.03"]
[Round "7"]
[White "Nakamura,Hi"]
[Black "Bluebaum,M"]
[Result "1-0"]
[WhiteElo "2768"]
[BlackElo "2663"]

1.c4 e6 2.Nc3 d5 3.d4 Bb4 4.cxd5 exd5 5.Bf4 c5 6.dxc5 Nf6 7.Rc1 O-O 8.e3 Bxc5
9.Nf3 Nc6 10.a3 a6 11.Bg5 Be7 12.Be2 h6 13.Bh4 Be6 14.O-O Qb6 15.Na4 Qa7
16.b4 Rfd8 17.Nc5 Bg4 18.Nb3 Rac8 19.Nfd4 Nxd4 20.Nxd4 Rxc1 21.Qxc1 Bxe2
22.Nxe2 a5 23.Nd4 axb4 24.Nf5 b5 25.axb4 Qd7 26.Qc2 Qe6 27.Nd4 Qg4 28.Nc6 Qxh4
29.Nxe7+ Kh8 30.Qc7 Rd7 31.Qb8+ Kh7 32.Nc6 Qe4 33.Qxb5 Rc7 34.Qb6 Rc8 35.Qb7 Qe8
36.b5 Ne4 37.Nd4 Nc3 38.h3 Rc5 39.b6 Rc4 40.Qa6 Qb8 41.Rc1 g6 42.g3 Ra4 43.Qd3 Ne4
44.Qb3 Ra6 45.Qxd5 Ng5 46.h4 Qe5 47.Qxe5 Nf3+ 48.Nxf3  1-0

[Event "Airthings Masters Play-In"]
[Site "chess.com INT"]
[Date "2023.02.03"]
[Round "8"]
[White "Sadhwani,Raunak"]
[Black "Nakamura,Hi"]
[Result "1/2-1/2"]
[WhiteElo "2627"]
[BlackElo "2768"]

1.e4 e5 2.Nf3 Nc6 3.Bb5 a6 4.Ba4 d6 5.d4 Bd7 6.d5 Nce7 7.c4 g6 8.Nc3 Bg7
9.O-O h6 10.Ne1 f5 11.f3 Nf6 12.Nd3 c5 13.Bxd7+ Qxd7 14.a3 b5 15.b3 O-O 16.Qe2 Rab8
17.Bd2 g5 18.cxb5 axb5 19.b4 cxb4 20.Nxb4 Rfc8 21.exf5 Nxf5 22.Ne4 Ne7 23.Qd3 Rc4
24.Rfc1 Rbc8 25.Rxc4 bxc4 26.Nxf6+ Bxf6 27.Qe4 c3 28.Be3 Qb5 29.a4 Qc4 30.Nc6 Qxe4
31.Nxe7+ Bxe7 32.fxe4 Bd8 33.a5 c2 34.Kf2 Rb8 35.Ra2 Rc8 36.Bc1 g4 37.a6 Bg5
38.Ra1 Ra8 39.Bxg5 hxg5 40.Rc1 Rxa6 41.Rxc2 Ra4 42.Re2 Ra3 43.Re3 Ra2+ 44.Re2 Ra3
45.Re3 Ra2+ 46.Re2 Ra3  1/2-1/2

[Event "Airthings Masters Play-In"]
[Site "chess.com INT"]
[Date "2023.02.03"]
[Round "9"]
[White "Nakamura,Hi"]
[Black "Le,Quang Liem"]
[Result "1-0"]
[WhiteElo "2768"]
[BlackElo "2728"]

1.c4 e6 2.d4 Nf6 3.Nf3 d5 4.Bf4 dxc4 5.Qa4+ Nbd7 6.Qxc4 c5 7.dxc5 Bxc5 8.e3 a6
9.a4 O-O 10.Be2 b6 11.O-O Bb7 12.Nc3 Qe7 13.Rfd1 Rfc8 14.Qb3 h6 15.Bg3 Qe8
16.Nd2 Be7 17.Nc4 Ne4 18.Rxd7 Qxd7 19.Nxb6 Nd2 20.Qd1 Qc6 21.Ncd5 Bb4 22.Qxd2 Bxd2
23.Ne7+ Kf8 24.Nxc6 Rxc6 25.Nxa8 Bxa8 26.Rd1 Rc2 27.Be5 Be4 28.Bxa6 f6 29.Bd6+ Kf7
30.b4 Rb2 31.Bf1 Bxb4 32.Bxb4 Rxb4 33.Rd4 Rxd4 34.exd4 Ke7 35.f3 Bc6 36.a5 Kd6
37.Kf2 g5 38.Ke3 e5 39.dxe5+ Kxe5 40.g3 Kd5 41.Bd3 Kc5 42.f4 Bd5 43.fxg5 fxg5
44.a6 Kb6 45.Kd4 Bf3 46.Ke5 h5 47.Kf6 h4 48.Kxg5 hxg3 49.hxg3 Bd1 50.Kf4 Ka7
51.Ke3 Bg4 52.Be2 Bc8 53.Kf4 Kb6 54.g4 Bxg4 55.Kxg4  1-0

[Event "Airthings Masters Div 1 W"]
[Site "chess.com INT"]
[Date "2023.02.06"]
[Round "1.1"]
[White "Gukesh,D"]
[Black "Nakamura,Hi"]
[Result "0-1"]
[WhiteElo "2718"]
[BlackElo "2768"]

1.d4 Nf6 2.c4 e6 3.Nc3 Bb4 4.e3 O-O 5.a3 Bxc3+ 6.bxc3 c5 7.Bd3 Nc6 8.Ne2 b6
9.e4 Ne8 10.h4 e5 11.h5 d6 12.h6 g6 13.Be3 Na5 14.Ng3 Ba6 15.Qe2 cxd4 16.cxd4 Nb3
17.Rb1 Nxd4 18.Bxd4 exd4 19.Qb2 Rc8 20.Qxd4 Qf6 21.Ne2 Qxd4 22.Nxd4 Nf6 23.Kd2 Bxc4
24.f3 d5 25.e5 Bxd3 26.Kxd3 Nd7 27.f4 Rc4 28.Rhc1 Rfc8 29.Ne2 f6 30.exf6 Kf7
31.Rxc4 Rxc4 32.Ke3 Nc5 33.Rd1 Ra4 34.Rxd5 Rxa3+ 35.Kd4 Rd3+ 36.Kc4 Rxd5
37.Kxd5 Kxf6 38.g4 a5 39.Nd4 a4 40.g5+ Kf7 41.Nb5 Ne6 42.Ke5 Nc7 43.Nc3 a3
44.f5 gxf5 45.Kxf5 b5 46.Na2 Na6 47.Nc1 b4 48.Ke5 Nc5  0-1

[Event "Airthings Masters Div 1 W"]
[Site "chess.com INT"]
[Date "2023.02.06"]
[Round "1.2"]
[White "Nakamura,Hi"]
[Black "Gukesh,D"]
[Result "1-0"]
[WhiteElo "2768"]
[BlackElo "2718"]

1.Nf3 d5 2.g3 c6 3.Bg2 Bg4 4.h3 Bh5 5.d3 Nf6 6.Nbd2 Nbd7 7.g4 Bg6 8.Nh4 e5
9.e3 Bd6 10.b3 a5 11.a3 Nf8 12.Bb2 Ne6 13.Qe2 Qc7 14.c4 O-O 15.Nxg6 hxg6
16.h4 Rfe8 17.g5 Nf4 18.Qf1 Nxg2+ 19.Qxg2 Nh5 20.cxd5 cxd5 21.Rc1 Qe7 22.Qxd5 Bxa3
23.Bxa3 Qxa3 24.Qc5 Qxc5 25.Rxc5 a4 26.Ke2 axb3 27.Rb1 Ra4 28.Rxb3 Rxh4 29.Rxb7 Rg4
30.Ne4 f5 31.gxf6 gxf6 32.Rcc7 Rg1 33.Nd6 Ra8 34.Nf7 Ng7 35.Rc6 Nf5 36.Rxf6 Rf8
37.Kf3 Kg7 38.Ng5+ Kxf6 39.Nh7+ Ke6 40.Nxf8+ Kf6 41.Rb6+ Kg7 42.Nd7 Nh4+
43.Ke4 Rg4+ 44.Kxe5 Nf3+ 45.Ke6 Rg2 46.Rb2 Ng5+ 47.Ke5 Nh3 48.Nf6 Rxf2 49.Rb7+ Kf8
50.e4 Nf4 51.d4 Nd3+ 52.Ke6 Nf4+ 53.Kd6 Ne2 54.Nd7+ Kg7 55.d5 Nc3 56.Nc5+ Kh6
57.Ke5 g5 58.d6 Rd2 59.d7 g4 60.Rb6+  1-0

[Event "Airthings Masters Div 1 W"]
[Site "chess.com INT"]
[Date "2023.02.06"]
[Round "1.3"]
[White "Gukesh,D"]
[Black "Nakamura,Hi"]
[Result "1/2-1/2"]
[WhiteElo "2718"]
[BlackElo "2768"]

1.d4 Nf6 2.Nf3 e6 3.Bf4 c5 4.e3 d5 5.Nbd2 Qb6 6.Rb1 Bd7 7.c3 Bb5 8.c4 dxc4
9.Nxc4 Bxc4 10.Bxc4 Qb4+ 11.Nd2 cxd4 12.exd4 Nc6 13.O-O Rd8 14.a3 Qb6 15.Be3 Qc7
16.Qe2 Bd6 17.g3 O-O 18.Rbc1 Qb8 19.Rfd1 Be7 20.Nf3 Nd5 21.b4 Bf6 22.Bd3 Nxe3
23.fxe3 g6 24.Be4 Ne7 25.g4 Rc8 26.g5 Bg7 27.Qb5 b6 28.Qd7 Nf5 29.Bxf5 exf5
30.d5 Bb2 31.Rxc8 Qxc8 32.Qxa7 Qc2 33.Rd2 Qe4 34.Kf2 Bc1 35.Re2 Re8 36.Qxb6 f4
37.Qb5 fxe3+ 38.Kg3 Bxa3 39.d6 Bxb4 40.Qb6 Rf8 41.d7 Qe7 42.Rxe3 Bd6+ 43.Kg2 Qxd7
44.Qd4 Qc6 45.Qe4 Qxe4 46.Rxe4 Ra8  1/2-1/2

[Event "Airthings Masters Div 1 W"]
[Site "chess.com INT"]
[Date "2023.02.07"]
[Round "2.2"]
[White "Nakamura,Hi"]
[Black "So,W"]
[Result "1/2-1/2"]
[WhiteElo "2768"]
[BlackElo "2766"]

1.Nf3 d5 2.g3 Nf6 3.Bg2 e6 4.O-O Be7 5.c4 O-O 6.b3 c5 7.cxd5 Nxd5 8.Bb2 Nc6
9.d4 cxd4 10.Nxd4 Nxd4 11.Qxd4 Bf6 12.Qd2 Nf4 13.gxf4 Qxd2 14.Nxd2 Bxb2 15.Rad1 Rb8
16.Nc4 Bf6 17.Nd6 b6 18.Be4 Rd8 19.Nxc8 Rbxc8 20.Rxd8+ Bxd8 21.Rd1 Bf6 22.Rd7 a5
23.e3 g6 24.Rb7 Bd8 25.Bd3 Kf8 26.Bc4 a4 27.Kg2 axb3 28.axb3  1/2-1/2

[Event "Airthings Masters Div 1 W"]
[Site "chess.com INT"]
[Date "2023.02.07"]
[Round "2.3"]
[White "So,W"]
[Black "Nakamura,Hi"]
[Result "1/2-1/2"]
[WhiteElo "2766"]
[BlackElo "2768"]

1.e4 e5 2.Nf3 Nc6 3.Bc4 Nf6 4.d3 Bc5 5.O-O d6 6.c3 a6 7.Re1 O-O 8.a4 Ba7
9.h3 h6 10.Nbd2 Re8 11.b4 Be6 12.Bxe6 Rxe6 13.Qc2 Qd7 14.Rb1 b5 15.Ra1 Rae8
16.Nb3 Bb6 17.Bd2 d5 18.a5 Ba7 19.Be3 dxe4 20.dxe4 Bxe3 21.Rxe3 Rd6 22.Nc5 Qc8
23.Rd1 Nd7 24.Nb3 Nf6 25.Nc5 Nd7 26.Nb3 Nf6 27.Nc5  1/2-1/2

[Event "Airthings Masters Div 1 W"]
[Site "chess.com INT"]
[Date "2023.02.07"]
[Round "2.5"]
[White "So,W"]
[Black "Nakamura,Hi"]
[Result "1/2-1/2"]
[WhiteElo "2766"]
[BlackElo "2768"]

1.e4 e5 2.Nf3 Nc6 3.Bb5 Nf6 4.d3 Bc5 5.Bxc6 dxc6 6.O-O Qd6 7.Nbd2 Be6 8.b3 a5
9.a4 Nd7 10.Ng5 f6 11.Nxe6 Qxe6 12.Qh5+ Qf7 13.Qg4 Nf8 14.Nc4 Ne6 15.Kh1 h5
16.Qd1 g5 17.Be3 b6 18.c3 Rd8 19.Qc2 h4 20.Rad1 O-O 21.Bxc5 Nxc5 22.d4 exd4
23.cxd4 Ne6 24.Qc3 c5 25.dxc5 Nxc5 26.f3 h3 27.g3 Qe6 28.Kg1 f5 29.exf5 Qe2
30.Ne3 Rde8 31.Qc4+ Qxc4 32.Nxc4 Rxf5 33.g4 Rf7 34.Rd5 Rg7 35.Nxa5 Re2 36.Nc6 Nxb3
37.a5 bxa5 38.Rf2 Re1+ 39.Rf1 Re2 40.Rf2 Re1+ 41.Rf1 Re2  1/2-1/2

[Event "Airthings Masters Div 1 W"]
[Site "chess.com INT"]
[Date "2023.02.07"]
[Round "2.1"]
[White "So,W"]
[Black "Nakamura,Hi"]
[Result "1/2-1/2"]
[WhiteElo "2766"]
[BlackElo "2768"]

1.e4 e5 2.Nf3 Nc6 3.Bc4 Nf6 4.d3 Bc5 5.O-O O-O 6.c3 d6 7.Re1 a6 8.a4 Ba7
9.h3 h6 10.Nbd2 Re8 11.b4 Be6 12.Bxe6 Rxe6 13.Rb1 b5 14.Ra1 Rb8 15.Nf1 Bb6
16.Ng3 Qd7 17.Qc2 bxa4 18.Qxa4 a5 19.b5 Na7 20.c4 c6 21.bxc6 Nxc6 22.Bd2 Qc7
23.Reb1 Nd7 24.Nf5 Ree8 25.Qd1 Re6 26.Rb5 Nb4 27.Ne1 Kh7 28.Qg4 Rg6 29.Qe2 Nf8
30.Rb1 Nc6 31.Nc2 Ne6 32.Kh2 Bc5 33.Rxb8 Nxb8 34.h4 Nc6 35.g3 Rf6 36.Kg2 Ned4
37.Ncxd4 Nxd4 38.Nxd4 Bxd4 39.Be3 Bxe3 40.Qxe3 a4 41.Ra1 Qd7 42.Qe2 Qa7 43.Qe3 Qd7
44.Qe2 Qa7 45.Ra3 g6 46.Qc2 Kg7 47.Kf1 h5 48.Kg2 Kg8 49.Ra2 a3 50.Qc3 Kg7
51.Qb3 Kg8 52.Qc2 Kg7 53.Qc1 Qc5 54.f3 Re6 55.Qxa3 Qd4 56.Qb3 Re8 57.Ra3 Qe3
58.Qb2 Rb8 59.Qxb8 Qe2+ 60.Kg1 Qe1+ 61.Kg2 Qe2+ 62.Kg1 Qe1+ 63.Kg2 Qe2+  1/2-1/2

[Event "Airthings Masters Div 1 W"]
[Site "chess.com INT"]
[Date "2023.02.08"]
[Round "3.3"]
[White "Carlsen,M"]
[Black "Nakamura,Hi"]
[Result "1/2-1/2"]
[WhiteElo "2852"]
[BlackElo "2768"]

1.d4 Nf6 2.c4 e6 3.Nf3 Bb4+ 4.Bd2 c5 5.Bxb4 cxb4 6.a3 bxa3 7.Rxa3 O-O 8.e3 b6
9.Be2 Nc6 10.O-O Nb4 11.Nc3 Bb7 12.Ne5 a5 13.Na2 d6 14.Nxb4 axb4 15.Rxa8 Qxa8
16.Nf3 Qa2 17.Qb1 Ra8 18.Nd2 Ne4 19.Qc2 Nxd2 20.Qxd2 Qb3 21.Bd1 Qxc4 22.Be2 Qb3
23.Bd1 Qc4 24.Be2 Qb3 25.Bd1 Qc4  1/2-1/2

[Event "Airthings Masters Div 1 W"]
[Site "chess.com INT"]
[Date "2023.02.08"]
[Round "3.4"]
[White "Nakamura,Hi"]
[Black "Carlsen,M"]
[Result "1/2-1/2"]
[WhiteElo "2768"]
[BlackElo "2852"]

1.e4 e5 2.Nf3 Nc6 3.Bb5 a6 4.Ba4 Nf6 5.O-O Be7 6.Re1 b5 7.Bb3 O-O 8.c3 d5
9.exd5 Nxd5 10.Nxe5 Nxe5 11.Rxe5 c6 12.d3 Bd6 13.Re1 Qh4 14.g3 Qh3 15.Re4 Nf6
16.Rh4 Qf5 17.d4 Re8 18.Bc2 Qd5 19.Bb3 Qf5 20.Bc2 Qd5 21.Bb3 Qf5  1/2-1/2

[Event "Airthings Masters Div 1 W"]
[Site "chess.com INT"]
[Date "2023.02.08"]
[Round "3.1"]
[White "Carlsen,M"]
[Black "Nakamura,Hi"]
[Result "1/2-1/2"]
[WhiteElo "2852"]
[BlackElo "2768"]

1.Nf3 d5 2.g3 g6 3.Bg2 Bg7 4.d4 Nf6 5.O-O O-O 6.c4 dxc4 7.Na3 c5 8.Nxc4 Be6
9.Nfe5 Bd5 10.dxc5 Bxg2 11.Qxd8 Rxd8 12.Kxg2 Ne4 13.Be3 Na6 14.b4 Nxb4 15.Rab1 a5
16.a3 Nc6 17.Nxc6 bxc6 18.Rb6 Bd4 19.Rxc6 Bxe3 20.Nxe3 Rac8 21.Rxc8 Rxc8
22.Rc1 Rxc5 23.Rxc5 Nxc5 24.Nc4 a4 25.Kf3 f6 26.Ke3 e5 27.Nd6 f5 28.Nc4 Nd7
29.Kd2 Kf7 30.Kc3 Ke6 31.Kb4 Kd5 32.Ne3+ Kd4 33.Nc2+ Kd5 34.Kb5 Nc5 35.Nb4+ Kd6
36.f3 h5 37.Kc4 g5 38.Nd5 Nb3 39.Nc3 Nd2+ 40.Kd3 Nf1 41.Nxa4 Nxh2 42.Ke3 g4
43.Kf2 gxf3 44.exf3 e4 45.fxe4 fxe4 46.Nc3 Ng4+ 47.Ke2 Ke5 48.a4 Nh6 49.a5 Kd6
50.Nxe4+ Kc6 51.Nd2 Kb5 52.Nb3 Nf5 53.Kf3 Ne7 54.Kf4 Nc6 55.Kg5 Kb4 56.Nd2 Kxa5
57.Kxh5 Ne5 58.Kg5 Kb5 59.Kf5 Nf7 60.Nf3 Kc5 61.Ne5 Nd6+ 62.Ke6 Ne4 63.g4 Kd4
64.Nf7 Ke3 65.Kf5 Ng3+ 66.Ke5 Ne4 67.Kf5 Ng3+ 68.Ke6 Ne4 69.Ke5 Nd2 70.Ng5 Nc4+
71.Kf5 Kd3 72.Kf4 Ne3 73.Ne4 Nxg4  1/2-1/2

[Event "Airthings Masters Div 1 W"]
[Site "chess.com INT"]
[Date "2023.02.08"]
[Round "3.2"]
[White "Nakamura,Hi"]
[Black "Carlsen,M"]
[Result "1/2-1/2"]
[WhiteElo "2768"]
[BlackElo "2852"]

1.Nf3 Nf6 2.g3 b6 3.d4 Bb7 4.c4 g6 5.Bg2 Bg7 6.O-O O-O 7.Re1 e6 8.Bf4 d6
9.Nbd2 Nc6 10.Nb3 Re8 11.Bg5 h6 12.Bxf6 Qxf6 13.e3 a5 14.Nfd2 e5 15.dxe5 dxe5
16.Ne4 Qe7 17.Nc3 e4 18.Nd5 Qe5 19.Re2 Nb4 20.Nxb4 axb4 21.Rd2 c5 22.Bh3 Bf6
23.a3 bxa3 24.bxa3 Red8 25.Bd7 Kg7 26.a4 h5 27.h4 Rh8 28.a5 Rhd8 29.Rb1 Qe7
30.Bh3 Rxd2 31.Qxd2 bxa5 32.Nxa5 Rd8 33.Qc2 Ba8 34.Qa4 Qc7 35.Qb5 Be5 36.Bg2 Rb8
37.Qxb8 Qxb8 38.Rxb8 Bxb8 39.Bh3 Bc7 40.Nb3 Bd6 41.Bd7 Bb7 42.Na5 Ba6 43.Bc6 f5
44.Bb7 Bc7  1/2-1/2

[Event "Airthings Masters Div 1 W"]
[Site "chess.com INT"]
[Date "2023.02.08"]
[Round "3.5"]
[White "Nakamura,Hi"]
[Black "Carlsen,M"]
[Result "1/2-1/2"]
[WhiteElo "2768"]
[BlackElo "2852"]

1.Nf3 Nf6 2.g3 c5 3.Bg2 Nc6 4.O-O d5 5.d3 e5 6.e4 d4 7.a4 Be7 8.Na3 Be6 9.Ng5 Bg4
10.f3 Bh5 11.Nc4 Nd7 12.Nh3 f6 13.Nf2 O-O 14.h4 Bf7 15.Bh3 Nb6 16.b3 Nxc4
17.bxc4 Bd6 18.f4 exf4 19.gxf4 Qc7 20.Nh1 Kh8 21.Ng3 g6 22.Qf3 Rae8 23.Kh1 Be6
24.Bxe6 Rxe6 25.Bd2 f5 26.e5 Be7 27.h5 gxh5 28.Rg1 Rg6 29.Qxh5 Nb4 30.Qf3 Nxc2
31.Rab1 Nb4 32.Rg2 Qc6 33.Qxc6 bxc6 34.Ne2 Nxd3 35.Rb7 Re8 36.Nc1 Nxc1 37.Bxc1 a6
38.Rb6 a5 39.Bd2 d3 40.Rxg6 hxg6 41.Kg2 Kg7 42.Rxc6 Rd8 43.Kf3 Rd4 44.Ra6 Rxc4
45.Rxa5 Rc2 46.Be3 c4 47.Ra7 Kf8 48.a5 Ra2 49.a6 c3 50.Rd7 Rxa6 51.Rxd3 Rc6
52.Bc1 Kf7 53.Rd7 c2 54.Rb7 Ke6 55.Ke2 g5 56.fxg5 Bxg5 57.Bxg5 c1=Q 58.Re7+ Kd5
59.Bxc1 Rxc1 60.Kf3 Rc4  1/2-1/2

[Event "Airthings Masters Div 1 L"]
[Site "chess.com INT"]
[Date "2023.02.09"]
[Round "4.3"]
[White "So,W"]
[Black "Nakamura,Hi"]
[Result "0-1"]
[WhiteElo "2766"]
[BlackElo "2768"]

1.e4 e5 2.Nf3 Nc6 3.d4 exd4 4.Nxd4 Nf6 5.Nxc6 bxc6 6.e5 Nd5 7.Bd3 d6 8.exd6 cxd6
9.Be4 Ba6 10.Bxd5 cxd5 11.Qxd5 Rc8 12.Nc3 Be7 13.Be3 Bc4 14.Qd2 Qa5 15.a3 d5
16.Nd1 Qc7 17.Bd4 O-O 18.Ne3 Bg5 19.O-O-O Rfe8 20.Kb1 a5 21.h4 Bxe3 22.Bxe3 h5
23.Rhe1 a4 24.Bd4 f6 25.Rxe8+ Rxe8 26.Re1 Qd7 27.Re3 Rxe3 28.Bxe3 Qg4 29.g3 Qh3
30.Qd1 Qf5 31.Kc1 Qe5 32.Bd4 Qe4 33.Be3 Qe5 34.Qd4 Qf5 35.Kd2 Qd7 36.Kc3 Kh7
37.b3 Bb5 38.Qc5 Kh8 39.Kb4 Be2 40.Kc3 Bb5 41.Kb2 Kh7 42.Bd4 Kh8 43.Bc3 Bc6
44.Qd4 Kg8 45.Qf4 Kf7 46.Bd4 Qe7 47.Qe3 Qd7 48.Bc5 Kg8 49.Qe7 Qc8 50.Qd6 Kh7
51.Bd4 Qe8 52.f3 axb3 53.Kxb3 Ba4+ 54.Kb2 Qe2 55.Qc7 Qb5+ 56.Kc3 Kg6 57.Kd2 Qf1
58.Qc3 Qg2+ 59.Kc1 Qxg3 60.Qd3+ Kf7 61.Qf5 Qxh4 62.Qxd5+ Kg6 63.Kb2 Qf4 64.Qc4 Qb8+
65.Kc3 Qb5 66.Qxb5 Bxb5 67.Kb4 Be2 68.a4 Bxf3 69.c4 Kf5 70.Kc5 Ke6  0-1

[Event "Airthings Masters Div 1 L"]
[Site "chess.com INT"]
[Date "2023.02.09"]
[Round "4.1"]
[White "So,W"]
[Black "Nakamura,Hi"]
[Result "1/2-1/2"]
[WhiteElo "2766"]
[BlackElo "2768"]

1.e4 e5 2.Nf3 Nc6 3.Bc4 Nf6 4.d3 Bc5 5.O-O d6 6.c3 a6 7.a4 Ba7 8.Re1 O-O
9.b4 Ng4 10.Ra2 Kh8 11.h3 Nf6 12.Nbd2 h6 13.Nf1 Ne7 14.Ng3 Ng6 15.Qb3 Qe8
16.b5 axb5 17.axb5 Be6 18.d4 Bxc4 19.Qxc4 Bb6 20.Rxa8 Qxa8 21.Be3 Qe8 22.Qb4 Nd7
23.Nd2 Nh4 24.Nc4 exd4 25.cxd4 f5 26.exf5 Qf7 27.Nxb6 Nxb6 28.d5 Nxf5 29.Bxb6 cxb6
30.Nxf5 Qxf5 31.Qd4 Kh7 32.Re7 Rf7 33.Rxf7 Qxf7 34.Qe4+ Kh8 35.g4 g5 36.Kg2 Kg7
37.Qd4+ Kg6 38.Qe4+ Kg7 39.Kg3 Qf6 40.Qe3 Qf7 41.Qc3+ Kg6 42.Qf3 Qe8 43.Qd3+ Kf6
44.Qf3+ Kg6 45.Qf5+ Kg7 46.Qe6 Qf8 47.Qd7+ Kg6 48.Qe6+ Kg7 49.Kg2 Qf4 50.Qe7+ Kg6
51.Qe6+ Kg7 52.Qe2 Kf7 53.Qe6+ Kg7  1/2-1/2

[Event "Airthings Masters Div 1 W"]
[Site "chess.com INT"]
[Date "2023.02.10"]
[Round "4.1"]
[White "Carlsen,M"]
[Black "Nakamura,Hi"]
[Result "1-0"]
[WhiteElo "2852"]
[BlackElo "2768"]

1.c4 Nf6 2.Nf3 e6 3.Nc3 d5 4.d4 dxc4 5.e4 b5 6.e5 Nd5 7.Nxb5 Nb6 8.a3 Nc6
9.Be3 Qd7 10.Nc3 Bb7 11.Qc2 Na5 12.Rd1 Rb8 13.Be2 Be7 14.h4 Bc6 15.h5 Ba4
16.Nxa4 Qxa4 17.Rc1 Nb3 18.Rb1 Qa5+ 19.Kf1 c5 20.h6 g6 21.dxc5 Bxc5 22.Bxc5 Qxc5
23.Rh4 O-O 24.Bxc4 Rfc8 25.Bxb3 Qb5+ 26.Qe2 Qxb3 27.Rb4 Qa2 28.Rd1 a5 29.Rb5 a4
30.Qe4 Qc4+ 31.Qxc4 Nxc4 32.Rxb8 Rxb8 33.Rd4 Rc8 34.Rd7 Nxb2 35.Ng5 Rf8 36.Rd4 Rc8
37.Rf4 Rc1+ 38.Ke2 Rc2+ 39.Ke3 Rc3+ 40.Kd2 Rc7 41.Rb4 Nc4+ 42.Ke2 Rc8 43.Rxa4 Nxe5
44.Ra7 Ng4 45.Nxf7 Rb8 46.f3 Rb2+ 47.Kd3 Nf2+ 48.Kd4 Rd2+ 49.Ke3 Ra2 50.Ng5 Nd1+  1-0

[Event "Airthings Masters Div 1 W"]
[Site "chess.com INT"]
[Date "2023.02.10"]
[Round "4.4"]
[White "Nakamura,Hi"]
[Black "Carlsen,M"]
[Result "1/2-1/2"]
[WhiteElo "2768"]
[BlackElo "2852"]

1.Nf3 d5 2.g3 g6 3.Bg2 Bg7 4.O-O e5 5.d3 Nc6 6.e4 dxe4 7.dxe4 Qxd1 8.Rxd1 Nf6
9.Nc3 Bg4 10.Be3 a6 11.h3 Bxf3 12.Bxf3 h5 13.Bg5 Nd4 14.Kg2 c6 15.Rac1 Nd7
16.Be3 Bh6 17.Bxh6 Rxh6 18.Nb1 Ke7 19.c3 Nxf3 20.Kxf3 h4 21.g4 Nc5 22.Nd2 Ne6
23.Nc4 f6 24.Na5 Rb8 25.Rd2 Rhh8 26.Rcd1 Rhd8 27.Rxd8 Nxd8 28.g5 fxg5 29.Nc4 Nf7
30.b4 Rc8 31.Ke2 b5 32.Ne3 a5 33.bxa5 Ra8 34.Nc2 Rxa5 35.Nb4 Ke6 36.Nxc6 Rxa2+
37.Kf3 g4+ 38.hxg4 Rc2 39.Rd3  1/2-1/2

[Event "Airthings Masters Div 1 W"]
[Site "chess.com INT"]
[Date "2023.02.10"]
[Round "4.2"]
[White "Nakamura,Hi"]
[Black "Carlsen,M"]
[Result "1/2-1/2"]
[WhiteElo "2768"]
[BlackElo "2852"]

1.Nf3 d5 2.g3 g6 3.Bg2 Bg7 4.O-O e5 5.d3 Nc6 6.c4 dxc4 7.dxc4 Qxd1 8.Rxd1 e4
9.Ne1 f5 10.Na3 a6 11.Rb1 Be6 12.f3 Nf6 13.b3 Kf7 14.Bb2 Rad8 15.Nac2 exf3
16.Nxf3 h6 17.Ncd4 Nxd4 18.Ne5+ Ke8 19.Bxd4 Ng4 20.Nc6 Bxd4+ 21.Nxd4 Bc8
22.h3 Ne3 23.Rd3 Nxg2 24.Kxg2 c5 25.Nf3 Rxd3 26.exd3 Ke7 27.Kf2 Rd8 28.Ke2 f4
29.gxf4 Rxd3 30.b4 Ra3 31.bxc5 Rxa2+ 32.Ke3 Ra3+ 33.Kf2 Ra2+ 34.Ke3 Ra3+
35.Kf2 Kf6 36.Nd4 Rxh3 37.Rb6+ Kf7 38.c6 bxc6 39.Rxc6 Bg4 40.Rxa6 Rc3 41.Ra7+ Kf6
42.Ra6+ Kg7 43.Ra7+ Kf6 44.Ra6+ Kg7 45.Ra7+ Kf6  1/2-1/2